[Event "DSOL 08 Liga Final 1st"]
[Site "Playchess.com INT"]
[Date "2020.09.04"]
[Round "2.3"]
[White "Raihani, Amin"]
[Black "Turba, Raffael"]
[Result "1-0"]
[WhiteElo "1000"]
[BlackElo "1058"]
[PlyCount "109"]
[EventDate "2020.06.22"]
[EventType "team-k.o. (rapid)"]
[EventCountry "GER"]
[SourceTitle "EXT 2021"]
[Source "ChessBase"]
[SourceDate "2020.10.23"]
[SourceVersion "1"]
[SourceVersionDate "2020.10.23"]
[SourceQuality "1"]
[WhiteTeam "Breitenworbis II"]
[BlackTeam "Noerdlingen"]
[WhiteTeamCountry "GER"]
[BlackTeamCountry "GER"]

1. e4 e5 2. Nf3 Nc6 3. Bc4 Bc5 4. 0-0 d6 5. c3 Bg4 6. h3 Bh5 7. b4 Bb6 8. a4 a6 9. d3 Nf6 10. Bg5 h6 11. Bh4 0-0 12. Nbd2 Re8 13. Qb3 Qe7 14. Nh2 Rad8 15. Kh1 Rd7 16. a5 Ba7 17. b5 axb5 18. Bxb5 Rdd8 19. a6 Rb8 20. Qa4 Ra8 21. axb7 Rab8 22. Bxc6 Bxf2 23. Bxe8 Bxh4 24. Bc6 Kh7 25. Qa7 Qd8 26. Qxb8 Qxb8 27. Ra8 Qxb7 28. Bxb7 Be2 29. Rf3 Bxf3 30. Nhxf3 Bf2 31. g4 Kg6 32. Rc8 Bb6 33. Nc4 Bf2 34. Rxc7 h5 35. g5 Nh7 36. h4 f6 37. Nxd6 fxg5 38. Nxe5+ Kf6 39. Nd7+ Ke6 40. Nf5 g4 41. Nc5+ Ke5 42. d4+ Kf4 43. Rxg7 Nf6 44. Nd3+ Kf3 45. Nxf2 Kxf2 46. e5 Ne8 47. Re7 g3 48. Rxe8 Kf1 49. Nxg3+ Kf2 50. Ne4+ Kf3 51. Rf8+ Kg4 52. e6 Kxh4 53. e7 Kh3 54. e8Q h4 55. Qe6# 1-0

[Event "DSOL 08 Liga Gr-C 1st"]
[Site "Playchess.com INT"]
[Date "2020.07.20"]
[Round "5.3"]
[White "Raihani, Amin"]
[Black "Gold, Michael"]
[Result "0-1"]
[WhiteElo "1000"]
[BlackElo "1165"]
[PlyCount "88"]
[EventDate "2020.06.22"]
[EventType "team-tourn (rapid)"]
[EventCountry "GER"]
[SourceTitle "EXT 2021"]
[Source "ChessBase"]
[SourceDate "2020.10.23"]
[SourceVersion "1"]
[SourceVersionDate "2020.10.23"]
[SourceQuality "1"]
[WhiteTeam "Breitenworbis II"]
[BlackTeam "Kelheim IV"]
[WhiteTeamCountry "GER"]
[BlackTeamCountry "GER"]

1. d4 d5 2. c4 Nf6 3. Nc3 dxc4 4. e3 a6 5. a4 Nc6 6. Bxc4 Bf5 7. Nf3 e6 8. 0-0 Bb4 9. Be2 Qe7 10. Nh4 0-0 11. Nxf5 exf5 12. Qc2 Qd7 13. Rd1 Rfe8 14. Bd3 g6 15. Ne2 Rad8 16. Bd2 Bxd2 17. Rxd2 Nb4 18. Qb3 a5 19. Bc4 Ne4 20. Rdd1 Qe7 21. Nf4 c5 22. dxc5 Nxc5 23. Qc3 Nxa4 24. Qa3 Nb6 25. Bb5 Rxd1+ 26. Rxd1 Rc8 27. Qxa5 Qc5 28. Qa7 Qxb5 29. Qxb7 Qa4 30. Rf1 Qc6 31. Qe7 N4d5 32. Nxd5 Nxd5 33. Qa3 Qc2 34. b4 Nc3 35. h3 Qa2 36. Qa5 Qxa5 37. bxa5 Ra8 38. Ra1 Kf8 39. Kf1 Ke7 40. Ke1 Kd6 41. Kd2 Nd5 42. Kd3 Kc5 43. e4 Nb4+ 44. Ke3 Nc2+ 0-1